[Event "Kieler Open 2019-A"]
[Site "Kiel"]
[Date "2019.08.02"]
[Round "9.34"]
[White "Buecker, Timo"]
[Black "Braeutigam, Dennis"]
[Result "0-1"]
[WhiteElo "1778"]
[BlackElo "1837"]
[Annotator "HAD"]
[PlyCount "116"]
[EventDate "2019.??.??"]

1. Nc3 d5 2. e4 dxe4 3. Nxe4 Bf5 4. Qe2 e6 5. d3 Be7 6. Bd2 Nf6 7. Nf3 Nbd7 8.
Bc3 c5 9. b3 O-O 10. Ng3 Bg6 11. h4 h6 12. h5 Bh7 13. Ne5 Nd5 14. Bb2 Bf6 15.
c4 Nf4 16. Qe3 Nxe5 17. Bxe5 Bxe5 18. Qxe5 Qa5+ 19. Kd1 Nxd3 20. Bxd3 Bxd3 21.
Qe1 Qd8 22. Qd2 Qd4 23. Rc1 Rad8 24. Ke1 Qe5+ 25. Qe3 Qb2 26. Rd1 Bc2 27. Rd2
Qxa2 28. Ke2 Rxd2+ 29. Qxd2 Qxb3 30. Rc1 Bh7 31. Rc3 Qb4 32. Nf1 Qb6 33. Rg3
Kh8 34. Qc3 Rg8 35. Ne3 Qd6 36. Nc2 Bxc2 37. Qxc2 Qe5+ 38. Kf1 Qxh5 39. Rh3 Qe5
40. Kg1 Qe1+ 41. Kh2 Qe5+ 42. Kg1 Rd8 43. Re3 Qd4 44. Kh2 Qd2 45. Qe4 Rd7 46.
Rf3 Qd4 47. Qc2 a6 48. Qe2 Qd6+ 49. g3 Qd1 50. Qe4 Kg8 51. Qf4 Qd6 52. Qe3 b5
53. Rf4 Qc6 54. Qe5 bxc4 55. Rg4 g6 56. Rh4 Rd1 57. Re4 Kh7 58. g4 Qd6 0-1

[Event "Kieler Open 2019-A"]
[Site "Kiel"]
[Date "2019.08.02"]
[Round "9.35"]
[White "Roehr, Susanne"]
[Black "Rosenburg, Thies"]
[Result "1/2-1/2"]
[WhiteElo "1677"]
[BlackElo "1778"]
[Annotator "HAD"]
[PlyCount "43"]
[EventDate "2019.??.??"]

1. d4 Nf6 2. c4 e5 3. dxe5 Ng4 4. Nf3 Nc6 5. Bf4 Bb4+ 6. Nbd2 Qe7 7. e3 Ngxe5
8. Be2 d6 9. a3 Bxd2+ 10. Nxd2 Bf5 11. e4 Ng6 12. Be3 Bxe4 13. O-O O-O 14. b4
Nd8 15. Qb3 a6 16. Nxe4 Qxe4 17. Bd3 Qg4 18. Qc2 Ne6 19. f3 Qh4 20. g3 Qh5 21.
f4 f5 22. Be2 1/2-1/2

[Event "Kieler Open 2019-A"]
[Site "Kiel"]
[Date "2019.08.02"]
[Round "9.36"]
[White "Tran, Minh Dat"]
[Black "Guenther, Emil"]
[Result "0-1"]
[WhiteElo "1559"]
[BlackElo "1743"]
[Annotator "HAD"]
[PlyCount "126"]
[EventDate "2019.??.??"]

1. c4 e5 2. Nc3 Bb4 3. g3 Bxc3 4. dxc3 Nc6 5. Bg2 Nge7 6. Nf3 O-O 7. O-O d6 8.
b3 h6 9. e4 a5 10. Be3 b6 11. Ne1 a4 12. Nc2 Bd7 13. b4 Qc8 14. Rb1 Be6 15. Qe2
Rb8 16. a3 Rd8 17. Rfd1 f5 18. f3 fxe4 19. fxe4 Bg4 20. Bf3 Bxf3 21. Qxf3 Rf8
22. Qe2 Qe6 23. Rf1 Rxf1+ 24. Rxf1 Rf8 25. Rxf8+ Kxf8 26. Bf2 Qg6 27. Qf3+ Ke8
28. Ne3 Nb8 29. Nd5 Nxd5 30. cxd5 Nd7 31. c4 Nf6 32. Qd1 Qxe4 33. Qxa4+ Ke7 34.
Qc6 Ne8 35. c5 bxc5 36. bxc5 Qf3 37. a4 e4 38. cxd6+ cxd6 39. Qb7+ Kf8 40. Qa7
Nf6 41. Qb8+ Ke7 42. Qc7+ Nd7 43. Qa7 Qd1+ 44. Kg2 Qxd5 45. Qd4 Nf6 46. Qxd5
Nxd5 47. Bd4 g6 48. a5 Kd7 49. a6 Kc7 50. a7 Kb7 51. Bg7 h5 52. Bf8 Kxa7 53.
Bxd6 Kb6 54. Ba3 Kb5 55. Bc1 Kc4 56. g4 hxg4 57. Kg3 Kd3 58. Kxg4 e3 59. Bxe3
Kxe3 60. Kg5 Nf4 61. h4 Kf3 62. h5 gxh5 63. Kh4 Kf2 0-1

[Event "Kieler Open 2019-A"]
[Site "Kiel"]
[Date "2019.08.02"]
[Round "9.37"]
[White "Grimm, Ling Leander"]
[Black "Hoppe, Marc"]
[Result "1-0"]
[WhiteElo "1691"]
[BlackElo "1644"]
[Annotator "HAD"]
[PlyCount "63"]
[EventDate "2019.??.??"]

1. e4 c6 2. d4 d5 3. Nc3 dxe4 4. Nxe4 Bf5 5. Ng3 Bg6 6. f4 e6 7. Nf3 Nd7 8. Bd3
Bxd3 9. Qxd3 Ngf6 10. f5 Bd6 11. fxe6 Bxg3+ 12. hxg3 fxe6 13. Ng5 Nf8 14. Bf4
Qd5 15. c4 Qf5 16. Qb3 b6 17. O-O-O Ne4 18. Nxe4 Qxe4 19. Rhe1 Qf5 20. Qa4 b5
21. Qa6 Ng6 22. Qxc6+ Kf7 23. Qb7+ Kf6 24. Re5 Nxe5 25. Bxe5+ Kg5 26. Qxg7+ Qg6
27. Qe7+ Kf5 28. Rf1+ Ke4 29. Rf4+ Ke3 30. Qa3+ Ke2 31. Qf3+ Ke1 32. Qf2# 1-0

[Event "Kieler Open 2019-A"]
[Site "Kiel"]
[Date "2019.08.02"]
[Round "9.38"]
[White "Buchholz, Ralf"]
[Black "Freiknecht, Axel"]
[Result "1/2-1/2"]
[WhiteElo "1909"]
[BlackElo "1733"]
[Annotator "HAD"]
[PlyCount "65"]
[EventDate "2019.??.??"]

1. e4 c5 2. Nf3 e6 3. Nc3 Nc6 4. d4 cxd4 5. Nxd4 a6 6. Be2 Bb4 7. Qd3 Nf6 8.
Bf3 Ne5 9. Qe3 Qc7 10. Nb3 d5 11. exd5 Nxf3+ 12. Qxf3 Nxd5 13. Bd2 Qe5+ 14. Kf1
Nxc3 15. bxc3 Qb5+ 16. Kg1 Be7 17. Nd4 Qc4 18. g3 O-O 19. h4 Bf6 20. Kh2 e5 21.
Nf5 Be6 22. Ne3 Qc5 23. Qxb7 Ra7 24. Qe4 Be7 25. g4 f5 26. gxf5 Bxf5 27. Qb4
Qc8 28. Qc4+ Qxc4 29. Nxc4 Bxc2 30. Be3 Rc7 31. Nxe5 Bxh4 32. Kg1 Bf6 33. Bd4
1/2-1/2

[Event "Kieler Open 2019-A"]
[Site "Kiel"]
[Date "2019.08.02"]
[Round "9.39"]
[White "Kollhoff, Josef"]
[Black "Ortner, Jonas Ruben"]
[Result "1-0"]
[WhiteElo "1833"]
[BlackElo "1740"]
[Annotator "HAD"]
[PlyCount "59"]
[EventDate "2019.??.??"]

1. d4 Nf6 2. c4 e6 3. Nf3 b6 4. g3 Bb7 5. Bg2 Be7 6. Nc3 Ne4 7. Qc2 Nxc3 8.
Qxc3 O-O 9. O-O d6 10. Qd3 f5 11. Ne1 Bxg2 12. Nxg2 e5 13. e4 Nc6 14. d5 Nd4
15. f4 fxe4 16. Qxe4 Bf6 17. Be3 Qd7 18. fxe5 dxe5 19. Bxd4 exd4 20. Nf4 Rfe8
21. Ne6 c6 22. Qf5 cxd5 23. cxd5 Re7 24. Rad1 Rf7 25. Kg2 Rc8 26. Rc1 Rxc1 27.
Rxc1 Qb7 28. Nxd4 Rd7 29. Qe6+ Kh8 30. Qe8# 1-0

[Event "Kieler Open 2019-A"]
[Site "Kiel"]
[Date "2019.08.02"]
[Round "9.40"]
[White "Koch, Ralf-Johann"]
[Black "Schwerdt, Alwin Elias"]
[Result "1/2-1/2"]
[WhiteElo "1724"]
[BlackElo "1756"]
[Annotator "HAD"]
[PlyCount "59"]
[EventDate "2019.??.??"]

1. d4 d5 2. Nf3 Nf6 3. Bf4 g6 4. h3 Bg7 5. e3 Nbd7 6. Nbd2 c5 7. c3 c4 8. b3
cxb3 9. axb3 O-O 10. Be2 Re8 11. c4 Ne4 12. O-O Nc3 13. Qe1 Nf6 14. Rc1 Na2 15.
Ra1 Nb4 16. Qc1 Bd7 17. Ne5 a6 18. Nd3 Nxd3 19. Bxd3 Rc8 20. Qa3 Nh5 21. Bh2 e5
22. dxe5 Bxe5 23. Bxe5 Rxe5 24. Nf3 Re8 25. Qd6 dxc4 26. bxc4 Bc6 27. Qxd8
Rcxd8 28. Be2 Nf4 29. Bd1 Nd3 30. Nd4 1/2-1/2

[Event "Kieler Open 2019-A"]
[Site "Kiel"]
[Date "2019.08.02"]
[Round "9.41"]
[White "Salwasser, Christ"]
[Black "Schuetzhold, Frank"]
[Result "0-1"]
[WhiteElo "1697"]
[BlackElo "1860"]
[Annotator "HAD"]
[PlyCount "138"]
[EventDate "2019.??.??"]

1. e4 d6 2. d4 Nf6 3. Nc3 g6 4. Bc4 Bg7 5. Nf3 c6 6. a3 b5 7. Ba2 Ba6 8. Be3 e6
9. h3 O-O 10. Qd2 Nbd7 11. Bh6 Qc7 12. g4 Nb6 13. g5 Bxh6 14. gxh6 Nc4 15. Qg5
Nh5 16. Rg1 Kh8 17. Bxc4 bxc4 18. Nh4 Qb6 19. O-O-O Rab8 20. Na4 Qb5 21. Qxb5
cxb5 22. Nc3 Rfd8 23. Nf3 Bc8 24. Ng5 Kg8 25. d5 e5 26. Rh1 a6 27. Ne2 Rb7 28.
Ng3 Nf4 29. h4 f6 30. Nf3 Bg4 31. Nh2 Bxd1 32. Kxd1 Kf7 33. Ng4 Rg8 34. f3 Rbb8
35. Kd2 Ke7 36. Ke3 Nh5 37. Ne2 f5 38. Nf2 Nf6 39. f4 fxe4 40. fxe5 dxe5 41.
d6+ Kxd6 42. Nxe4+ Nxe4 43. Kxe4 Ke6 44. Nc3 Rbd8 45. Rh2 Rd4+ 46. Ke3 Rf8 47.
Ne2 Rg4 48. c3 Rd8 49. Kf3 Kf5 50. Ng3+ Rxg3+ 51. Kxg3 Rd3+ 52. Kg2 Rd2+ 53.
Kg1 Rxh2 54. Kxh2 Kg4 55. Kg2 Kxh4 56. Kf3 g5 57. Ke4 g4 58. Kxe5 g3 59. Kd5 g2
60. Kc6 g1=Q 61. Kb7 Qg6 62. Kc7 Kg5 63. Kd7 Kf5 64. b3 Qe6+ 65. Kc7 cxb3 66.
a4 Ke5 67. axb5 Qd6+ 68. Kb7 axb5 69. c4 bxc4 0-1

[Event "Kieler Open 2019-A"]
[Site "Kiel"]
[Date "2019.08.02"]
[Round "9.42"]
[White "Marcussen, Claus"]
[Black "Wenske, Hardy"]
[Result "1/2-1/2"]
[WhiteElo "1712"]
[BlackElo "1749"]
[Annotator "HAD"]
[PlyCount "131"]
[EventDate "2019.??.??"]

1. f4 d6 2. Nf3 Bg4 3. e3 e5 4. fxe5 dxe5 5. Be2 Bd6 6. e4 Nf6 7. d3 h6 8. Be3
Nc6 9. Qd2 Qe7 10. Nc3 Bc5 11. Nd1 O-O-O 12. h3 Nxe4 13. Bxc5 Qxc5 14. Qe3 Qxe3
15. Nxe3 Bxf3 16. Bxf3 Ng3 17. Rg1 g6 18. Kf2 Nf5 19. Nxf5 gxf5 20. g4 f4 21.
g5 h5 22. Bxc6 bxc6 23. Rae1 Rde8 24. Re4 Rhg8 25. h4 Re6 26. Rge1 Rge8 27. d4
exd4 28. Rxe6 fxe6 29. Re5 Kd7 30. Kf3 Rf8 31. Ra5 Kd6 32. Rxa7 e5 33. Ra3 Kd5
34. c4+ Kd6 35. b4 Re8 36. Ke4 Rf8 37. Rf3 Ke6 38. a4 Rb8 39. Rb3 d3 40. Kxd3
Kf5 41. a5 e4+ 42. Ke2 Kg4 43. b5 e3 44. b6 cxb6 45. axb6 Re8 46. b7 f3+ 47.
Ke1 Rb8 48. Rxe3 Rxb7 49. g6 Kg3 50. Kf1 Rg7 51. Re6 Rd7 52. Re4 Rd1+ 53. Re1
Rd2 54. g7 Rf2+ 55. Kg1 Rg2+ 56. Kf1 Kxh4 57. Re7 Kh3 58. Rf7 Kh2 59. c5 h4 60.
Rc7 Rg6 61. Kf2 h3 62. Rd7 Rg3 63. Re7 Rg6 64. Rd7 Rg3 65. Re7 Rg6 66. Rd7
1/2-1/2

[Event "Kieler Open 2019-A"]
[Site "Kiel"]
[Date "2019.08.02"]
[Round "9.43"]
[White "Rommeck, Christiane"]
[Black "Samuelson, Bernd"]
[Result "1/2-1/2"]
[WhiteElo "1567"]
[BlackElo "1665"]
[Annotator "HAD"]
[PlyCount "54"]
[EventDate "2019.??.??"]

1. e4 e5 2. Nf3 Nc6 3. d4 exd4 4. Nxd4 Nxd4 5. Qxd4 Qf6 6. Qc3 Qxc3+ 7. Nxc3
Bb4 8. Bd2 c6 9. Bc4 d6 10. O-O-O Be6 11. Bxe6 fxe6 12. Rhe1 O-O-O 13. Na4
Bxd2+ 14. Rxd2 Nf6 15. f3 Kc7 16. e5 Ne8 17. exd6+ Rxd6 18. Rxd6 Kxd6 19. Nc3
Nc7 20. Ne4+ Ke7 21. Rd1 Rd8 22. Nc5 Rxd1+ 23. Kxd1 b6 24. Ne4 e5 25. c4 h6 26.
h4 Ke6 27. Ke2 Ke7 1/2-1/2

[Event "Kieler Open 2019-A"]
[Site "Kiel"]
[Date "2019.08.02"]
[Round "9.44"]
[White "Rendboe, John Filip"]
[Black "Inani, Darpan"]
[Result "1-0"]
[WhiteElo "2136"]
[BlackElo "1956"]
[Annotator "HAD"]
[PlyCount "95"]
[EventDate "2019.??.??"]

1. c4 c5 2. Nc3 Nc6 3. Nf3 Nd4 4. e3 Nxf3+ 5. Qxf3 d6 6. b3 g6 7. Bb2 Bg7 8.
Be2 Rb8 9. O-O Nf6 10. h3 O-O 11. d4 Bd7 12. Rfd1 Qc8 13. Rac1 b6 14. a3 Qb7
15. Qxb7 Rxb7 16. Bf3 Rbb8 17. Nb5 a6 18. Nc7 Bc8 19. b4 h5 20. Rd2 Nd7 21.
Rcd1 cxd4 22. Bxd4 Bxd4 23. Rxd4 a5 24. Nd5 Re8 25. Rb1 Bb7 26. bxa5 Bxd5 27.
Rxd5 bxa5 28. Rxb8 Rxb8 29. Rxa5 Rb1+ 30. Kh2 Nc5 31. Ra7 Kf8 32. a4 Ra1 33. a5
h4 34. g3 g5 35. gxh4 gxh4 36. Ra8+ Kg7 37. Re8 Rxa5 38. Rxe7 Ra2 39. Kg1 Ra1+
40. Kg2 Kf6 41. Rc7 Ra2 42. Bd5 Nd3 43. Rxf7+ Ke5 44. Kf1 Ra1+ 45. Ke2 Ra2+ 46.
Kxd3 Ra3+ 47. Ke2 Ra2+ 48. Kf3 1-0